000
00288nam a2200109Ia 4500
008
200302s9999 xx 000 0 und d
100
_a
Patricia tutt & David Adler
245
_a
New Metric HandBook Planning & Design Data
260
_b
Architectural Press
260
_c
1985
300
_a
504 P.,
999
_c
755
_d
755